Normal view
MARC view
- Schick, Rene
Entry Nombre Personal
001 - NUMERO DE CONTROL
- campo de control: 53929
003 - IDENTIFICADOR DE NUMERO DE CONTROL
- campo de control: MX-MxUPN
005 - FECHA Y HORA DE LA ÜLTIMA TRANSACCIÓN
- campo de control: 20241007154100.0
008 - DATOS DE LONGITUD FIJA
- campo de control de longitud fija: 241007nn acnnnaabn n aaa d
040 ## - FUENTE DE CATALOGACIÓN
- Agencia original de catalogación: MX-MxUPN
- Lenguaje de catalogación: spa
100 1# - ENCABEZAMIENTO - NOMBRE PERSONAL
- Nombre personal: Schick, Rene
373 ## - GRUPO ASOCIADO
- Associated group: Nicaragua. Ministerio de Educación Pública
670 ## - FUENTE EN LA QUE SE LOCALIZARON DATOS
- Cita de la fuente: Un proyecto piloto de educación fundamental : Nicaragua : 1958 :
- Información localizada: hoja 13 (Rene Schick; Ministro de Educación Pública de Nicaragua)
902 ## - CATALOGADOR
- Catalogador: VíctorGodínez/071024
